00690nam a2200193Ia 4500003000900000008004100009020002200050040001600072080001700088100002300105245012700128260004000255300001500295650003100310650001700341942000700358999001700365952011400382IN-BaIIA211028s9999 xx 000 0 eng d a978-0-470-50544-1 cIIA Library a523.482bBOY aBoyle, Alan933478 4aThe case for Pluto: how a little planet made a big differencecAlan Boyle  aNew JerseybJohn Wiley & Sonsc2010 axii, 258p. aPluto(Dwarf planet)933479 aSolar system cBK c17672d17672 00104070aBANbBANcGENd2010-03-25eANJ l1o523.482/ BOYp18594r2023-03-29s2022-08-11w2010-03-25yBK